The Master Architect Series Revisited 2.0: Selected + Current Works (Price Price) (Record no. 14027)

000 -LEADER
fixed length control field 00298nam a2200109Ia 4500
008 - FIXED-LENGTH DATA ELEMENTS--GENERAL INFORMATION
fixed length control field 260210s9999 xx 000 0 und d
020 ## - INTERNATIONAL STANDARD BOOK NUMBER
International Standard Book Number 9781864704686
100 ## - MAIN ENTRY--PERSONAL NAME
Personal name DDG
245 #4 - TITLE STATEMENT
Title The Master Architect Series Revisited 2.0: Selected + Current Works (Price Price)
260 ## - PUBLICATION, DISTRIBUTION, ETC.
Name of publisher, distributor, etc. Images
942 ## - ADDED ENTRY ELEMENTS (KOHA)
Koha item type PG Books
Holdings
Withdrawn status Lost status Damaged status Not for loan Permanent Location Current Location Shelving location Date acquired Barcode Date last seen Price effective from Koha item type
        BMS College of Architecture, Design and Planning BMS College of Architecture, Design and Planning General Stacks 2025-12-02 AR-PG803 2026-02-10 2026-02-10 PG Books
Copyright © 2025, The Librarian, Library and Information Centre, BMSCA D&P, Bengaluru. All Rights Reserved
web counter

Powered by Koha